<?xml version="1.0" encoding="UTF-8"?><?xml-stylesheet type="text/xsl" href="static/style.xsl"?><OAI-PMH xmlns="http://www.openarchives.org/OAI/2.0/" xmlns:xsi="http://www.w3.org/2001/XMLSchema-instance" xsi:schemaLocation="http://www.openarchives.org/OAI/2.0/ http://www.openarchives.org/OAI/2.0/OAI-PMH.xsd"><responseDate>2026-04-13T01:32:10Z</responseDate><request verb="GetRecord" identifier="oai:www.recercat.cat:2445/222048" metadataPrefix="marc">https://recercat.cat/oai/request</request><GetRecord><record><header><identifier>oai:recercat.cat:2445/222048</identifier><datestamp>2025-12-05T00:05:15Z</datestamp><setSpec>com_2072_1057</setSpec><setSpec>col_2072_478917</setSpec></header><metadata><record xmlns="http://www.loc.gov/MARC21/slim" xmlns:dcterms="http://purl.org/dc/terms/" xmlns:xsi="http://www.w3.org/2001/XMLSchema-instance" xmlns:doc="http://www.lyncode.com/xoai" xsi:schemaLocation="http://www.loc.gov/MARC21/slim http://www.loc.gov/standards/marcxml/schema/MARC21slim.xsd">
   <leader>00925njm 22002777a 4500</leader>
   <datafield ind2=" " ind1=" " tag="042">
      <subfield code="a">dc</subfield>
   </datafield>
   <datafield ind2=" " ind1=" " tag="720">
      <subfield code="a">Rivera Garretas, María-Milagros, 1947-</subfield>
      <subfield code="e">author</subfield>
   </datafield>
   <datafield ind2=" " ind1=" " tag="260">
      <subfield code="c">2025-07-07T13:48:40Z</subfield>
   </datafield>
   <datafield ind2=" " ind1=" " tag="260">
      <subfield code="c">2025-07-07T13:48:40Z</subfield>
   </datafield>
   <datafield ind2=" " ind1=" " tag="260">
      <subfield code="c">2019-04</subfield>
   </datafield>
   <datafield ind2=" " ind1=" " tag="520">
      <subfield code="a">El primer Manifiesto de Rivolta Femminile desmenuzó, desde el ser mujer,&#xd;
el patriarcado occidental y el marxismo revolucionario, y propuso una&#xd;
revolución femenina libre, sin acabar de precisar su sentido. Siete años&#xd;
después, en marzo de 1977, las que entonces formaban el grupo Rivolta&#xd;
publicaron en Roma el Segundo Manifiesto de Rivolta Femminile, titulado&#xd;
Yo digo yo.49 Este Manifiesto propone con claridad una revolución clitórica.&#xd;
Se la propone a las propias mujeres, a las propias feministas, una vez dejado&#xd;
atrás, aparentemente, el referente masculino. Pero ocurría que este&#xd;
referente no había sido dejado atrás del todo. Ocurría que en los grupos&#xd;
feministas, también en Rivolta, había mujeres clitóricas y había mujeres&#xd;
vaginales. Y esto entorpecía la política, la política de las mujeres (que es la&#xd;
práctica de la relación), como la entorpece todavía hoy, desembocando en&#xd;
conflictos incomprensibles y en traiciones y rupturas dolorosas,&#xd;
destructivas y no significables: sentir crudo, sin lo que María Zambrano&#xd;
llamó “epifanía de la realidad”, o Marie Cardinal “las palabras para&#xd;
decirlo”</subfield>
   </datafield>
   <datafield tag="653" ind2=" " ind1=" ">
      <subfield code="a">Feminisme</subfield>
   </datafield>
   <datafield tag="653" ind2=" " ind1=" ">
      <subfield code="a">Sexualitat femenina</subfield>
   </datafield>
   <datafield tag="653" ind2=" " ind1=" ">
      <subfield code="a">Feminism</subfield>
   </datafield>
   <datafield tag="653" ind2=" " ind1=" ">
      <subfield code="a">Human female sexuality</subfield>
   </datafield>
   <datafield tag="653" ind2=" " ind1=" ">
      <subfield code="a">Lonzi, Carla</subfield>
   </datafield>
   <datafield ind2="0" ind1="0" tag="245">
      <subfield code="a">CARLA LONZI Y OTRAS LOS MANIFIESTOS DE RIVOLTA FEMMINILE: LA REVOLUCIÓN CLITÓRICA</subfield>
   </datafield>
</record></metadata></record></GetRecord></OAI-PMH>